000 00592nam a22002057a 4500
999 _c2835
_d2835
003 AR-CdUCM
008 190305b ||||| |||| 00| 0 eng d
020 _a84-350-1343-X
040 _aMUNICIPALIDAD PROVINCIAL DEL CUSCO
_cBIBLIOTECA MUNICIPAL DEL CUSCO
082 _a839.31 /
_bN79
100 _aNooteboom, Cees
_99847
245 _aEn las montañas de Holanda /
260 _aBarcelona :
_bEdhasa,
_c1990.
300 _a161 páginas ;
_c21 cm.
650 _aNovela holandesa
_99848
650 _aNovela siglo XX
_9450
650 _aAventura
_91719
942 _2ddc
_cLIBROS
945 _azta